Music Quiz

Random Music or Song Quiz

Ruined By A Letter: Songs (2000s) Quiz Stats

 Plays Quiz Updated Aug 24, 2018

Support Sporcle.
Go Orange.
Score 0/24 Timer 04:00
4 Plays Today
% Correct
F
96.6%
K
96.6%
O
96.5%
D
96.5%
A
96.3%
W
96.2%
E
95.9%
R
95.6%
C
95.5%
T
94.7%
U
94.4%
M
93.1%
% Correct
S
92.9%
G
92.4%
N
92.1%
X
92%
J
91.9%
P
89.6%
B
88.7%
I
88.3%
H
85.9%
L
85%
Y
84.2%
V
84%

From the Vault

The Kenya Quiz

by bwana_mrefu

If you ever want to see The Lion King in real life, Kenya is the place to go.
Remove Ads.
Support Sporcle.
Get the best of Sporcle when you Go Orange. This ad-free experience offers more features, more stats, and more fun while also helping to support Sporcle. Thank you for becoming a member.

Show Comments

Extras

Top Quizzes Today


Score Distribution

Your Account Isn't Verified!

In order to create a playlist on Sporcle, you need to verify the email address you used during registration. Go to your Sporcle Settings to finish the process.

Report this User

Report this user for behavior that violates our Community Guidelines.

Details: